Italy's FIFA World Cup Winning Squads (1934, 1938, 1982 and 2006) - Statistics

General Stats
  • This quiz has been taken 52 times
  • The average score is 31 of 93
Answer Stats
Hint Answer % Correct
Germany 2006 Gianluigi Buffon
93%
Germany 2006 Fabio Cannavaro
85%
Germany 2006 Alessandro Del Piero
83%
Germany 2006 Andrea Pirlo
83%
Germany 2006 Daniele De Rossi
83%
Germany 2006 Gianluca Zambrotta
83%
Spain 1982 Dino Zoff
80%
Germany 2006 Francesco Totti
80%
Germany 2006 Luca Toni
80%
Spain 1982 Paolo Rossi
80%
Germany 2006 Gennaro Gattuso
78%
Germany 2006 Marco Materazzi
78%
Germany 2006 Alessandro Nesta
75%
Germany 2006 Fabio Grosso
75%
Germany 2006 Marcello Lippi
75%
Italy 1934 Giuseppe Meazza
73%
France 1938 Giuseppe Meazza
73%
Germany 2006 Mauro Camoranesi
68%
Germany 2006 Filippo Inzaghi
65%
Spain 1982 Franco Baressi
63%
Germany 2006 Alberto Gilardino
58%
Spain 1982 Gaetano Scirea
58%
Spain 1982 Antonio Cabrini
53%
Spain 1982 Claudio Gentile
50%
Spain 1982 Marco Tardelli
50%
Germany 2006 Simone Perrotta
50%
Germany 2006 Andrea Barzagli
48%
France 1938 Silvio Piola
48%
Spain 1982 Bruno Conti
45%
Spain 1982 Giuseppe Bergomi
45%
Spain 1982 Alessandro Altobelli
40%
Germany 2006 Angelo Peruzzi
40%
Germany 2006 Vincenzo Iaquinta
40%
Italy 1934 Gianpiero Combi
38%
Germany 2006 Marco Amelia
38%
Germany 2006 Massimo Oddo
35%
Germany 2006 Simone Barone
35%
Italy 1934 Vittorio Pozzo
35%
France 1938 Vittorio Pozzo
35%
Spain 1982 Enzo Bearzot
33%
Spain 1982 Francescano Graziani
33%
France 1938 Giovani Ferrari
33%
Italy 1934 Giovanni Ferrari
33%
Italy 1934 Raimundo Orsi
33%
Germany 2006 Cristian Zaccardo
30%
Spain 1982 Fulvio Collovati
30%
Spain 1982 Gabriele Oriali
30%
Italy 1934 Luis Monti
28%
Italy 1934 Attilio Ferraris
25%
Spain 1982 Giancarlo Antognoni
25%
France 1938 Pietro Ferraris
25%
Italy 1934 Eraldo Monzeglio
20%
France 1938 Eraldo Monzeglio
20%
France 1938 Gino Colaussi
20%
Spain 1982 Giovanni Galli
20%
Italy 1934 Angelo Schiavo
18%
Spain 1982 Daniele Massaro
18%
Spain 1982 Franco Causio
15%
Spain 1982 Pietro Vierchowod
15%
Italy 1934 Umberto Caligaris
15%
France 1938 Aldo Olivieri
13%
Italy 1934 Felice Borel
13%
Spain 1982 Franco Selvaggi
13%
France 1938 Ugo Locatelli
13%
Italy 1934 Virginio Rosetta
13%
France 1938 Alfredo Foni
10%
Italy 1934 Enrique Guaita
10%
Italy 1934 Luigi Allemandi
10%
France 1938 Michele Andreolo
10%
France 1938 Pietro Rava
10%
France 1938 Amedeo Biavati
8%
Italy 1934 Anfilogino Guarisi
8%
Spain 1982 Giuseppe Dossena
8%
Spain 1982 Ivano Bordon
8%
Italy 1934 Luigi Bertolini
8%
Italy 1934 Armando Castellazzi
5%
Italy 1934 Attilio Demaria
5%
France 1938 Carlo Ceresoli
5%
Spain 1982 Giampiero Marini
5%
Italy 1934 Giuseppe Cavanna
5%
Italy 1934 Guido Masetti
5%
France 1938 Guido Masetti
5%
Italy 1934 Mario Pizziolo
5%
Italy 1934 Pietro Arcari
5%
France 1938 Sergio Bertoni
5%
France 1938 Aldo Donati
0%
France 1938 Bruno Chizzo
0%
France 1938 Mario Genta
0%
France 1938 Mario Perazzolo
0%
France 1938 Piero Pasinati
0%
France 1938 Pietro Serantoni
0%
France 1938 Pietro Serantoni
0%
France 1938 Renato Olmi
0%
No matching quizzes found
Score Distribution
Percent of People with Each Score
Percentile by Number Answered
Your Score History
You have not taken this quiz